| 000 | 01174 a2200229 4500 | ||
|---|---|---|---|
| 001 | 44846 | ||
| 005 | 20260407155723.0 | ||
| 008 | 260407a2000 arg spa d | ||
| 003 | AR-UNSa-BCEJYS | ||
| 040 |
_aAR-UNSa-BCEJYS _bspa _cAR-UNSa-BCEJYS |
||
| 080 |
_a316.42 _xCambio social en sociedades globales. Desarrollo social. Sociología del desarrollo (Desarrollo Humano) |
||
| 245 | 1 | 0 | _aInforme sobre desarrollo humano 2000 |
| 020 | _a84-7114-902-8 | ||
| 264 | 1 |
_aMadrid : _bEdiciones Mundi-Prensa _c2000 |
|
| 300 |
_axiv, 290 p. _c27 cm. |
||
| 505 | _a1. Los derechos humanos y el desarrollo humano - 2. Las luchas por las libertades humanas - 3. La democracia incluyente garantiza los derechos - 4. Derechos que facultan a las personas para combatir la pobreza - 5. Uso de indicadores para exigir responsabilidad en materia de derechos humanos - 6. Promoción de los derechos en el desarrollo humano - | ||
| 041 | _aspa | ||
| 942 | _cBK | ||
| 590 | _aniveau_biblio:m niveau_hierar:0 | ||
| 100 | 1 | _aPrograma de las Naciones Unidas para el Desarrollo (PNUD) | |
| 856 | 4 | 1 |
_uhttps://www.biblioeco.unsa.edu.ar/pmb/images/libros/L127007.jpg _yImagen de portada _qimage/jpeg |
| 999 |
_c3825 _d3825 |
||